| 000 | 00590cam a2200193 4500 | ||
|---|---|---|---|
| 001 | D16125 | ||
| 008 | 090401t1980 xxu||||| |||| 00| 0 eng d | ||
| 035 | _a(Sirsi) u95252 | ||
| 041 | _aeng | ||
| 050 | _a333.0062 | ||
| 110 |
_aRoyal Institution of Chartered Surveyors _94900 |
||
| 245 | _a[Royal Charter and Bye-laws]. Schedule [of] alterations to the Bye-laws... 16th December 1980 | ||
| 260 |
_a[S.l.] _b[s.n.] _c1980 |
||
| 300 |
_a2p. _c25cm |
||
| 350 | _a0 | ||
| 520 | _aFiled in box RICS 1977/31 A ; Alterations to Bye-laws 27, 28, 30 and 31 | ||
| 942 | _n0 | ||
| 948 | _c04/03/1997 | ||
| 999 |
_c98371 _d98371 |
||